000
00230nam a2200097Ia 4500
001
691141
005
20250826161829.0
008
250824s9999 xx 000 0 und d
245
0
_a
KUDUZ AŞISI
_c
ALİ URAL
260
_b
ŞULE YAYINLARI
999
_c
691141
_d
691141